Flags of the Largest Subdivisions - Statistics

General Stats
  • This quiz has been taken 19 times
    14 since last reset
  • The average score is 24 of 39
Answer Stats
Picture Hint Answer % Correct
Canada British Columbia
91%
Denmark Greenland
91%
Canada Quebec
91%
Russia Sakha
91%
China Tibet
91%
Australia Western Australia
91%
United States Alaska
82%
Brazil Amazonas
82%
Canada Manitoba
82%
Australia New South Wales
82%
Australia Northern Territory
82%
Canada Northwest Territories
82%
Canada Nunavut
82%
Canada Ontario
82%
Australia Queensland
82%
Canada Yukon
82%
Canada Alberta
73%
China Inner Mongolia
73%
Brazil Pará
73%
Canada Saskatchewan
73%
Australia South Australia
73%
United States Texas
73%
China Xinjiang
64%
Brazil Mato Grosso
55%
Brazil Bahia
45%
Brazil Minas Gerais
45%
Russia Yamalo-Nenets
45%
Russia Chukotka
36%
Russia Irkutsk Oblast
36%
Russia Khabarovsk Krai
36%
Russia Krasnoyarsk Krai
36%
China Qinghai
36%
China Heilongjiang
27%
Russia Kamchatka Krai
27%
Russia Khanty-Mansi
27%
Russia Magadan Oblast
27%
China Sichuan
27%
Saudi Arabia Eastern Province
18%
Niger Agadez Region
9%
No matching quizzes found
Score Distribution
Percent of People with Each Score
Percentile by Number Answered
Your Score History
You have not taken this quiz since the last reset